000 00770naa a2200229 i 4500
001 388
003 ES-MaBCM
005 20241016090444.0
008 871207s1987 ita 000 0 ita d
021 _axx
035 _a(OCoLC)1365233820
040 _cES-MaBCM
041 0 _aita
043 _aita
100 1 _aPostiglione, Amedeo
_937634
245 1 2 _aL'azione civile in difesa dell'ambiente
_cAmedeo Postiglione
520 _aLa Ley 249/86. La naturaleza de la acción civil ambiental. Las acciones de un sólo ciudadano, del Estado y de los entes territotiales
650 2 7 _aProtección del medio ambiente
_959954
651 2 4 _aItalia
_9115380
773 0 _aEn:
_tRivista trimestrale di diritto pubblico
_dMilano : 1987
_w104694
_gnº 2; p. 303-324
942 _cAREV
999 _c388
_d388